Hraničná zóna rizikové správanie v dospievaní

Bibliographic Details
Main Author: Čerešník, Michal, 1980- (Author)
Format: Book
Language:Slovak
PhysicalDescription:178 s. grafy, sch., tab. 26 cm
Published: Nitra Univerzita Konštantína Filozofa, Pedagogická fakulta 2016
ISBN:9788055810119
Edition:1. vyd.
Subjects:

MARC

LEADER 00000cam a2200000 a 4500
001 vtls011588173
003 SK-MaSNL
005 20260301135846.0
008 240318s2016 xo da f n 001 0 slo
015 |a SNBA2016/12 
020 |a 9788055810119  |q (brož.) 
035 |a F50DC8FE-EA4F-45A6-B486-D9B364CD962C 
035 |a urn:nbn:sk:snk-amycku 
035 |a urn:nbn:sk:snk-am00cg6u 
040 |a SNK  |b slo  |c SNK  |e AACR2 
041 0 |a slo 
044 |a xo  |c SK 
072 7 |a 159.92  |x Vývinová psychológia. Psychológia osobnosti  |2 konspekt 
072 7 |a 37  |x Výchova a vzdelávanie  |2 konspekt 
080 |a 316.624  |2 2011 
080 |a 159.922.8  |2 2011 
080 |a 37.012  |2 2011 
080 |a (048.8)  |2 2011 
100 1 |a Čerešník, Michal,  |d 1980-  |4 aut  |9 224179 
245 1 0 |a Hraničná zóna  |b rizikové správanie v dospievaní  |c Michal Čerešník 
250 |a 1. vyd. 
260 |a Nitra  |b Univerzita Konštantína Filozofa, Pedagogická fakulta  |c 2016 
300 |a 178 s.  |b grafy, sch., tab.  |c 26 cm 
366 |e 150 výt. 
504 |a Bibliogr. odkazy ; bibliogr.: s. 158-177 ; pozn. ; reg. ; zoz. tab., grafov a obr. 
650 0 7 |a rizikové správanie  |2 SNKPH  |9 114927 
650 0 7 |a dospievanie  |2 SNKPH  |9 654 
650 0 7 |a pedagogický výskum  |2 SNKPH  |9 69315 
650 0 7 |a Risk behavior  |2 SNKPHeng  |9 330172 
650 0 7 |a Adolescence  |2 SNKPHeng  |9 314889 
650 0 7 |a Educational research  |2 SNKPHeng  |9 321747 
655 7 |a monografie  |2 SNKPH  |9 70139 
655 7 |a Monographs  |2 SNKPHeng  |9 120675 
852 |a Štátna vedecká knižnica v Banskej Bystrici 
919 |a 978-80-558-1011-9 
958 |a NB 
999 |c 761639  |d 763569 
952 |a SNK  |b SNK  |y PREZ  |7 0  |p 17A1218421  |o snkSB 90880  |i snk2016/26817  |8 0  |0 0  |1 0  |4 0  |d 2016-11-16  |f 1  |l 0  |r 2025-05-14 00:00:00  |w 2026-02-24 
952 |a SNK  |b SNK  |y VYP  |7 0  |p 17A1218422  |o snkSB 90880 D1  |i snk2016/26818  |8 0  |0 0  |1 0  |4 0  |d 2016-11-16  |l 0  |r 2026-02-24 00:07:00  |w 2026-02-24